Victorious - Associez la chanson à l'épisode #1 - Statistiques

Statistiques générales
  • Ce quiz a été pris 117 fois
  • Le résultat moyen est 5 sur 16
Statistiques - réponses
Hint Réponse % Correct
Saison 1 Episode 1 - Bienvenue à Hollywood Arts Make it Shine
91%
Saison 1 Episode 14 - Le concours de karaoké : 2ème partie Freak the Freak Out
66%
Saison 1 Episode 13 - Le concours de karaoké : 1ère partie Give It Up
49%
Saison 1 Episode 16 - Les Diddly Bops (2ème chanson) Song 2 You
48%
Saison 1 Episode 11 - Tori la "Raquette Ravageuse" Tell Me that You Love Me
40%
Saison 2 Episode 7 - Sous les verrous : 2ème partie I Want You Back
34%
Saison 2 Episode 1 - La vengeance de Tori Beggin' on Your Knees
31%
Saison 2 Episode 6 - Sous les verrous : 1ère partie All I Want Is Everything
28%
Saison 1 Episode 4 - L'anniversaire de Trina You're the Reason
28%
Saison 2 Episode 5 - Le Promier Best Friend's Brother
23%
Saison 2 Episode 11 - Coup de foudre à Hollywood Arts 365 Days
22%
Saison 1 Episode 6 - Une journée monstrueuse Finally Falling
20%
Saison 2 Episode 3 - Le concours de Ke$ha Blow (Ke$ha)
17%
Saison 2 Episode 13 - Le père Noël secret It's Not Christmas Without You
15%
Saison 2 Episode 14 - Le bêtisier Shut Up and Dance
15%
Saison 1 Episode 16 - Les Diddly Bops (1ère chanson) Favorite Food Song
3%
Aucun quiz correspondant
Distribution des résultats
% des personnes avec chaque résultat
Percentile par nombre de réponses
Votre historique - résultats
Vous n’avez pas pris ce quiz